000 00708nam a2200289Ia 4500
005 20260324134823.0
008 008 260324s9999 xx 000 0 eng d
020 _a9780203996331
037 _aEBOOK
040 _aCRL
040 _beng
040 _cCRL
041 _2eng
041 _aeng
084 _qCRL
100 _aDavid C. Harvey; Rhys Jones; Neil McInroy; Christine Milligan
_91198287
245 0 _aCeltic Geographies
245 0 _bOld Cultures, New Times
260 _bTaylor and Francis
260 _c2001
365 _a
365 _b300
856 _uhttp://www.taylorfrancis.com/books/9780203996331
942 _cEBOOK
999 _c1798731
_d1798731